| 000 | 00559nam a2200157 i 4500 | ||
|---|---|---|---|
| 001 | 98234 | ||
| 003 | ES-MaACL | ||
| 005 | 20230906182235.0 | ||
| 007 | t| | ||
| 008 | 050727s1960 sp ||||1| spa d | ||
| 100 | 1 |
_aMartel San Gil, Manuel. _977159 |
|
| 245 | 1 | 3 |
_aEl volcán de San Juan, también llamado de "Las Manchas" y del "Nambroque". La Palma (Canarias) / _cManuel Martel San Gil. |
| 260 |
_aMadrid : _bArtes Gráficas, _c1960. |
||
| 300 |
_aXIII, 240 p., 1 lám. pleg., lám. I-LXVI : _bil., 1 map. ; _c22 cm. |
||
| 852 |
_aES-MaACL _jC-18419 _bR.46590 |
||
| 999 |
_c98234 _d98234 |
||